000 00714nam a2200181Ia 4500
008 100921s9999 xx 000 0 und d
082 _b9946
_a808.068 थ 70
100 _aजोशी ना.वा.
245 _aमुलांच्या शब्दात गांधीजी.
260 _bव्हिनस प्रकाशन, पुणे.
_c1970
300 _a53
_b---
365 _b1.5
520 _aललित-बालवाङ्रमय.
630 _aमुलांच्या शब्दात गांधीजी.
650 _aललित-बालवाङ्रमय.
730 _aमुलांच्या शब्दात गांधीजी.
942 _cBOOK
999 _c759059
_d759056